00622nam a2200205 a 450000100030000000300090000300800410001204000280005308200170008110000250009824500440012326000440016730000140021149000160022550000690024159000590031065000180036994200120038799900170039983CO-ViMGA141112s2004 ck r 000 u spa d aCO-ViMGAbspacCO-ViMGA04a822.33 S414r1 aShakespeare, William10aRomeo y Julieta / cWilliam Shakespeare aSantafé de Bogotá : bNorma, c1994 a165, 51 p aCara y cruz aEncuadernado con A propósito de William Shakespeare y su obra. aEjemplares : 2 Eje. 2 : Ed. Educar Cultural Recreativa14aTEATRO INGLES 2ddccBK c12335d12335